[Event "DM 2026 G5 1B"]
[Site "Svendborg"]
[Date "2026.03.28"]
[Round "1.9"]
[White "Kallmeyer, Ebbe"]
[Black "Sonderriis, Rasmus"]
[Result "1/2-1/2"]
[WhiteElo "1838"]
[BlackElo "1999"]
[WhiteFideId "1487434"]
[BlackFideId "1489763"]
[EventDate "2026.03.28"]
[EventType "swiss"]
[EventRounds "5"]
[EventCountry "DEN"]
[SourceTitle "Live v. Kasper Jerwiarz"]

1. e4 c5 2. Nf3 d6 3. d4 cxd4 4. Nxd4 Nf6 5. Nc3 Nc6 6. Be3 g6 7. f3 Bg7 8. Qd2 O-O 9. Bc4 Bd7 10. Bb3 Nxd4 11. Bxd4 b5 12. O-O-O a5 13. Nd5 a4 14. Nxf6+ Bxf6 15. Bd5 Bxd4 16. Qxd4 Rb8 17. a3 Qa5 18. c3 Rfc8 19. Kb1 Qc7 20. h4 Qc5 21. Qd2 h5 22. g4 hxg4 23. h5 Kg7 24. hxg6 Rh8 25. gxf7 e6 26. Qg5+ Kxf7 27. Qxg4 Rbg8 28. Qf4+ Ke7 29. Rxh8 Rxh8 30. Ba2 Qe5 31. Qg4 Rf8 32. Rf1 Bc6 33. Qh3 Qf6 34. Re1 Bd7 35. Rf1 Bc6 36. Re1 1/2-1/2

[Event "DM 2026 G5 1B"]
[Site "Svendborg"]
[Date "2026.03.28"]
[Round "1.10"]
[White "Skarved, Mattias"]
[Black "Henriksen, Otto Skovslund"]
[Result "1-0"]
[WhiteElo "1671"]
[BlackElo "1752"]
[WhiteFideId "1461958"]
[BlackFideId "1484583"]
[EventDate "2026.03.28"]
[EventType "swiss"]
[EventRounds "5"]
[EventCountry "DEN"]
[SourceTitle "Live v. Kasper Jerwiarz"]

1. d4 d5 2. Bf4 c5 3. Nf3 Nf6 4. e3 Nc6 5. c3 Qb6 6. b3 Bf5 7. Bd3 Bg6 8. Bxg6 hxg6 9. Nbd2 e6 10. O-O Rc8 11. Rc1 Be7 12. Re1 O-O 13. Ne5 Nh5 14. Nd7 Qd8 15. Nxf8 Qxf8 16. Nf3 Nxf4 17. exf4 Qd8 18. Ne5 Nxe5 19. fxe5 Qa5 20. Re2 b5 21. dxc5 b4 22. c4 dxc4 23. Rxc4 Rxc5 24. Rxc5 Qxc5 25. Qc2 Qd4 26. Kf1 Bg5 27. g3 Qa1+ 28. Re1 Qd4 29. Qc4 Qb6 30. Rd1 Qa5 31. Qc2 Qa6+ 32. Qe2 Qb7 33. Kg1 Be7 34. h4 Bc5 35. Kh2 Bb6 36. f4 Qe7 37. Rd3 Qc5 38. Rd1 a5 39. Kh3 Qc6 40. Kg4 Qc5 41. h5 f5+ 42. Kg5 Qe7+ 43. Kxg6 Bd8 44. Rxd8+ Qxd8 45. Qb5 Qf8 46. Qd7 1-0

[Event "DM 2026 G5 1B"]
[Site "Svendborg"]
[Date "2026.03.28"]
[Round "1.11"]
[White "Munch, Niels Christian"]
[Black "Hansen, Allan Hallgren"]
[Result "1-0"]
[WhiteElo "1781"]
[BlackElo "1680"]
[WhiteFideId "1470744"]
[BlackFideId "1440888"]
[EventDate "2026.03.28"]
[EventType "swiss"]
[EventRounds "5"]
[EventCountry "DEN"]
[SourceTitle "Live v. Kasper Jerwiarz"]

1. e4 e5 2. Nf3 Nc6 3. c3 Nf6 4. Qc2 d6 5. Bc4 h6 6. d3 Be7 7. b4 O-O 8. O-O a6 9. a4 b6 10. h3 Bb7 11. Be3 Qe8 12. Nbd2 Rd8 13. d4 Rd7 14. d5 Nd8 15. b5 a5 16. Nh2 Nh7 17. f4 f6 18. Be2 Nf7 19. f5 Bd8 20. Bh5 Qe7 21. Bg6 Kh8 22. h4 Rg8 23. Rf3 Qf8 24. Ndf1 Re7 25. Qd2 Bc8 26. Ng4 Bd7 27. Rg3 Be8 28. Nfh2 Rd7 29. Nf3 Be7 30. h5 Bd8 31. Nh4 Nhg5 32. Nf2 Be7 33. Bh7 Nd8 34. Bxg8 Qxg8 35. Ng6+ Kh7 36. Rg4 Ndf7 37. Nd1 Bd8 38. Nb2 Be7 39. Nc4 Bd8 40. Qf2 Nh8 41. Nxb6 cxb6 42. Bxb6 Bf7 43. c4 Rb7 44. Be3 Qe8 45. c5 dxc5 46. Bxc5 Nxe4 47. Rxe4 Bxd5 48. Re2 Nf7 49. Nf4 Rd7 50. Nxd5 Rxd5 51. Bb6 Qd7 52. Bxd8 Qxd8 53. b6 Rd4 54. Rb2 Nd6 55. Qf3 Nc4 56. Rb5 Nxb6 57. Rxa5 Nd5 58. Rb5 Nc7 59. Rb7 Na6 60. Qg3 Rd1+ 61. Rxd1 Qxd1+ 62. Kh2 Qxh5+ 63. Qh3 Qxh3+ 64. Kxh3 Nc5 65. Ra7 Nxa4 66. Rxa4 h5 67. Kh4 Kh6 68. Ra8 g6 69. fxg6 Kxg6 70. Rh8 e4 71. Rxh5 f5 72. Rh8 f4 73. Kg4 1-0

[Event "DM 2026 G5 1B"]
[Site "Svendborg"]
[Date "2026.03.28"]
[Round "1.12"]
[White "Gregor, Jan"]
[Black "Larsen, Torben"]
[Result "1/2-1/2"]
[WhiteElo "1710"]
[BlackElo "1897"]
[WhiteFideId "1435329"]
[BlackFideId "1443445"]
[EventDate "2026.03.28"]
[EventType "swiss"]
[EventRounds "5"]
[EventCountry "DEN"]
[SourceTitle "Live v. Kasper Jerwiarz"]

1. e4 g6 2. Nc3 Bg7 3. f4 d6 4. Nf3 c6 5. d4 Bg4 6. Be3 e6 7. h3 Bxf3 8. Qxf3 Ne7 9. Bd3 Nd7 10. O-O O-O 11. f5 e5 12. Ne2 exd4 13. Bxd4 Bxd4+ 14. Nxd4 Ne5 15. Qe3 Kh8 16. fxg6 N7xg6 17. Nf5 Qd7 18. h4 Ng4 19. Qd4+ N6e5 20. Qxd6 Rad8 21. Qxd7 Rxd7 1/2-1/2

[Event "DM 2026 G5 1B"]
[Site "Svendborg"]
[Date "2026.03.28"]
[Round "1.13"]
[White "Ambirk, Jan"]
[Black "Elcer, Spencer Skoubo"]
[Result "1-0"]
[WhiteElo "1799"]
[BlackElo "1619"]
[WhiteFideId "1428403"]
[BlackFideId "1480820"]
[EventDate "2026.03.28"]
[EventType "swiss"]
[EventRounds "5"]
[EventCountry "DEN"]
[SourceTitle "Live v. Kasper Jerwiarz"]

1. d4 d5 2. Nf3 Nf6 3. e3 Bf5 4. Bd3 Bxd3 5. Qxd3 c6 6. Nbd2 Qb6 7. c4 c5 8. dxc5 Qxc5 9. b3 e6 10. Bb2 Be7 11. Rc1 Nbd7 12. O-O O-O 13. Rfd1 Rfd8 14. Nb1 h6 15. Ba3 Qc6 16. Bxe7 Re8 17. cxd5 1-0

[Event "DM 2026 G5 1B"]
[Site "Svendborg"]
[Date "2026.03.28"]
[Round "1.14"]
[White "Staugaard, Henning"]
[Black "Madsen, Svend"]
[Result "0-1"]
[WhiteElo "1652"]
[BlackElo "1798"]
[WhiteFideId "1450476"]
[BlackFideId "1419846"]
[EventDate "2026.03.28"]
[EventType "swiss"]
[EventRounds "5"]
[EventCountry "DEN"]
[SourceTitle "Live v. Kasper Jerwiarz"]

1. e4 e5 2. Nf3 Nf6 3. Bc4 Nc6 4. d3 Bc5 5. h3 d6 6. Ng5 O-O 7. O-O h6 8. Nf3 Bd7 9. Be3 Bb6 10. Nc3 Ne7 11. a3 c6 12. b4 Qc8 13. a4 Ng6 14. Kh2 Be6 15. a5 Bc7 16. b5 d5 17. b6 axb6 18. Bxb6 dxc4 19. Ne2 Rd8 20. Nd2 cxd3 21. Ng3 Bxb6 22. axb6 Rxa1 23. Qxa1 dxc2 24. Qc3 Qd7 25. Nb3 Bxb3 26. Qxb3 Qd3 27. Qb2 Nxe4 28. Rc1 Nxg3 29. fxg3 Qd4 30. Qxc2 Qxb6 31. Rb1 Qc7 32. Qc5 Ra8 33. Qc4 c5 34. Qd5 Qc6 35. Qc4 Ra4 36. Qc3 b5 37. h4 Ra2 38. Rg1 Qd5 39. h5 Nf8 40. Qc1 e4 41. Rd1 Qxh5+ 42. Kg1 Qe2 0-1

[Event "DM 2026 G5 1B"]
[Site "Svendborg"]
[Date "2026.03.28"]
[Round "1.15"]
[White "Velarde, Andrew"]
[Black "Pedersen, Rasmus Rosendahl"]
[Result "0-1"]
[WhiteElo "1817"]
[BlackElo "1600"]
[WhiteFideId "1435132"]
[BlackFideId "1490109"]
[EventDate "2026.03.28"]
[EventType "swiss"]
[EventRounds "5"]
[EventCountry "DEN"]
[SourceTitle "Live v. Kasper Jerwiarz"]

1. d4 f5 2. Bg5 h6 3. Bh4 b6 4. e4 h5 5. Be2 d6 6. Bxh5+ Kd7 7. Bg3 Nf6 8. Bg6 fxe4 9. Nc3 Bb7 10. Nxe4 e6 11. f3 Nc6 12. Ne2 Nd5 13. c4 Ne3 14. Qd2 Nxg2+ 15. Kf2 Nh4 16. Bxh4 Qxh4+ 17. N4g3 Be7 18. Be4 Raf8 19. b4 Bg5 20. Qc3 Kc8 21. Rad1 Kb8 22. b5 Ne7 23. d5 exd5 24. cxd5 Ng8 25. Nd4 Nf6 26. Nf5 Nxe4+ 27. fxe4 g6 28. Ke2 gxf5 29. Nxf5 Qxe4+ 0-1

[Event "DM 2026 G5 1B"]
[Site "Svendborg"]
[Date "2026.03.28"]
[Round "1.16"]
[White "Hansen, Anders"]
[Black "Hanuscheck, Jorgen Peter"]
[Result "0-1"]
[WhiteElo "1620"]
[BlackElo "1763"]
[WhiteFideId "1711237"]
[BlackFideId "1462512"]
[EventDate "2026.03.28"]
[EventType "swiss"]
[EventRounds "5"]
[EventCountry "DEN"]
[SourceTitle "Live v. Kasper Jerwiarz"]

1. b3 Nc6 2. Bb2 e5 3. e3 Bc5 4. d4 exd4 5. exd4 Qe7+ 6. Be2 Bb6 7. Nf3 d5 8. O-O Bd7 9. Nc3 Nf6 10. Nb5 O-O-O 11. Ba3 Qe8 12. c4 dxc4 13. bxc4 a6 14. Nc3 Bg4 15. d5 Bxf3 16. Bxf3 Nd4 17. c5 Nxf3+ 18. Qxf3 Ba5 19. c6 Qe5 20. cxb7+ Kb8 21. Bb2 Bxc3 22. Bxc3 Qxd5 23. Qe2 Qb5 24. Qf3 Rd3 25. Qe2 Rxc3 26. Qxb5 axb5 27. a4 bxa4 28. Rxa4 Kxb7 29. Rb1+ Kc6 30. Ra6+ Kc5 31. Ra5+ Kc4 32. f3 Nd5 33. Rbb5 c6 34. Rb7 Rc1+ 35. Kf2 Rc2+ 36. Kg3 f5 37. Ra4+ Kc5 38. Ra5+ Kd6 39. h3 g5 40. Raa7 f4+ 41. Kh2 Ne3 42. Rd7+ Kc5 43. Ra5+ Kb6 44. Rxg5 Nf1+ 45. Kg1 Ra8 46. Rd1 Ne3 47. Rb1+ Kc7 48. Rg7+ Kd6 49. Kh2 Raa2 50. Rg1 c5 51. h4 c4 52. Rxh7 Rxg2+ 53. Rxg2 Rxg2+ 54. Kh1 Rg3 55. h5 Rxf3 56. Kg1 Ng4 57. Kg2 Rg3+ 58. Kf1 c3 0-1

[Event "DM 2026 G5 1B"]
[Site "Svendborg"]
[Date "2026.03.28"]
[Round "1.17"]
[White "Kappel, Erik"]
[Black "Norddahl, Bjarni"]
[Result "1-0"]
[WhiteElo "1757"]
[BlackElo "1518"]
[WhiteFideId "1478311"]
[BlackFideId "338105438"]
[EventDate "2026.03.28"]
[EventType "swiss"]
[EventRounds "5"]
[EventCountry "DEN"]
[SourceTitle "Live v. Kasper Jerwiarz"]

1. c4 e5 2. Nc3 Nc6 3. g3 Nf6 4. Bg2 Bb4 5. Nf3 O-O 6. O-O Bxc3 7. bxc3 d6 8. d4 exd4 9. cxd4 Re8 10. e3 Bg4 11. Rb1 Rb8 12. h3 Bh5 13. Qb3 Qd7 14. Nd2 Bg6 15. Ra1 Ne4 16. Nxe4 Bxe4 17. Bd2 Bxg2 18. Kxg2 a6 19. Qd3 d5 20. Rfc1 Qe6 21. cxd5 Qxd5+ 22. f3 Re6 23. Rc5 Qd6 24. Qc3 Re7 25. Be1 Rbe8 26. Bf2 Nd8 27. Rc1 c6 28. Qb3 Qe6 29. Qb2 Qh6 30. e4 b5 31. Qb4 Re6 32. Qa3 Nb7 33. Be3 Qf6 34. Rf5 Qe7 35. Qxa6 Nd6 36. Rfc5 Nxe4 37. fxe4 Rxe4 38. Bf2 Re2 39. Rf1 Qe4+ 40. Kg1 Rxf2 41. Rxf2 Qe1+ 42. Kg2 g6 43. Qxc6 Re2 44. Qf6 Rxf2+ 45. Qxf2 Qe4+ 46. Kh2 1-0

[Event "DM 2026 G5 1B"]
[Site "Svendborg"]
[Date "2026.03.29"]
[Round "2.9"]
[White "Hanuscheck, Jorgen Peter"]
[Black "Munch, Niels Christian"]
[Result "1/2-1/2"]
[WhiteElo "1763"]
[BlackElo "1781"]
[WhiteFideId "1462512"]
[BlackFideId "1470744"]
[EventDate "2026.03.28"]
[EventType "swiss"]
[EventRounds "5"]
[EventCountry "DEN"]
[SourceTitle "Live v. Kasper Jerwiarz"]

1. d4 d5 2. c4 Nf6 3. Nc3 e6 4. Nf3 Bb4 5. Bg5 O-O 6. e3 c6 7. c5 Nbd7 8. a3 Bxc3+ 9. bxc3 Qa5 10. Qc2 Ne4 11. Bd3 Qxc3+ 12. Qxc3 Nxc3 13. O-O Ne4 14. Rfb1 Nxg5 15. Nxg5 h6 16. Nf3 f5 17. g3 g5 18. h4 g4 19. Nd2 e5 20. a4 f4 21. a5 a6 22. Rb4 Kg7 23. Be2 h5 24. Rc1 f3 25. Bf1 exd4 26. exd4 Nf6 27. Re1 Re8 28. Rxe8 Nxe8 29. Bd3 Kf6 30. Rb1 Ng7 31. Kf1 Bf5 32. Bxf5 Nxf5 33. Nb3 Re8 34. Re1 Re4 35. Rd1 Re2 36. Rd2 Rxd2 37. Nxd2 Nxd4 38. Ke1 Ke5 39. Kd1 Ne2 40. Nb3 Ke4 41. Kd2 Nf4 42. gxf4 Kxf4 43. Nc1 g3 44. Nd3+ Kg4 45. fxg3 Kxg3 46. Ke3 d4+ 47. Kxd4 f2 48. Nxf2 Kxf2 49. Ke4 1/2-1/2

[Event "DM 2026 G5 1B"]
[Site "Svendborg"]
[Date "2026.03.29"]
[Round "2.10"]
[White "Pedersen, Rasmus Rosendahl"]
[Black "Ambirk, Jan"]
[Result "0-1"]
[WhiteElo "1600"]
[BlackElo "1799"]
[WhiteFideId "1490109"]
[BlackFideId "1428403"]
[EventDate "2026.03.28"]
[EventType "swiss"]
[EventRounds "5"]
[EventCountry "DEN"]
[SourceTitle "Live v. Kasper Jerwiarz"]

1. f4 d5 2. Nf3 Nf6 3. e3 Bg4 4. b3 e6 5. Bb2 Bd6 6. Be2 Bxf3 7. Bxf3 Qe7 8. c4 c5 9. Nc3 d4 10. Nb5 Nc6 11. Nxd6+ Qxd6 12. O-O Rd8 13. Qe1 O-O 14. a3 Na5 15. b4 Nxc4 16. bxc5 Qxc5 17. Bxd4 Qa5 18. Bxf6 gxf6 19. Qg3+ Kh8 20. Qh4 Qf5 21. Bh5 Rd5 22. e4 Qxe4 23. Qxf6+ Kg8 24. Qh4 Rxd2 25. Rae1 Qxg2# 0-1

[Event "DM 2026 G5 1B"]
[Site "Svendborg"]
[Date "2026.03.29"]
[Round "2.11"]
[White "Madsen, Svend"]
[Black "Kappel, Erik"]
[Result "0-1"]
[WhiteElo "1798"]
[BlackElo "1757"]
[WhiteFideId "1419846"]
[BlackFideId "1478311"]
[EventDate "2026.03.28"]
[EventType "swiss"]
[EventRounds "5"]
[EventCountry "DEN"]
[SourceTitle "Live v. Kasper Jerwiarz"]

1. d4 d5 2. Nf3 Nf6 3. e3 Bf5 4. Nbd2 e6 5. c3 Nbd7 6. Be2 Be7 7. Nh4 Bg6 8. Nxg6 hxg6 9. Bd3 c5 10. Qe2 O-O 11. O-O c4 12. Bc2 b5 13. e4 dxe4 14. Nxe4 Nb6 15. Ng5 Nh7 16. Nxe6 fxe6 17. Qxe6+ Rf7 18. Bxg6 Qe8 19. Re1 Nc8 20. Bxf7+ Qxf7 21. Bf4 Qxe6 22. Rxe6 Kf7 23. Rae1 Nf8 24. R6e4 Ng6 25. Bg3 Nb6 26. b3 Nd5 27. Rc1 Rc8 28. b4 Ra8 29. f4 Bf6 30. Bf2 Ngxf4 31. Bg3 Ng6 32. Bd6 a5 33. bxa5 Rxa5 34. a3 Ra6 35. Bb4 Ngf4 36. g3 Nd3 37. Rc2 N3xb4 38. axb4 Ra3 39. Re1 Nxc3 40. Kg2 Nd5 41. Rce2 Nxb4 42. Rf1 Nd3 43. d5 Ra6 44. g4 Kg6 45. Re6 Rxe6 46. dxe6 c3 47. h4 Bxh4 0-1

[Event "DM 2026 G5 1B"]
[Site "Svendborg"]
[Date "2026.03.29"]
[Round "2.12"]
[White "Larsen, Torben"]
[Black "Skarved, Mattias"]
[Result "1-0"]
[WhiteElo "1897"]
[BlackElo "1671"]
[WhiteFideId "1443445"]
[BlackFideId "1461958"]
[EventDate "2026.03.28"]
[EventType "swiss"]
[EventRounds "5"]
[EventCountry "DEN"]
[SourceTitle "Live v. Kasper Jerwiarz"]

1. c4 f5 2. Nc3 Nf6 3. g3 g6 4. Bg2 Bg7 5. Nf3 O-O 6. O-O Re8 7. d4 c6 8. Qb3 e6 9. Bf4 d5 10. Rad1 Qe7 11. c5 Ne4 12. Nxe4 fxe4 13. Bd6 Qd8 14. Ne5 Bf8 15. Bxf8 Rxf8 16. f3 exf3 17. Nxf3 b6 18. Ne5 bxc5 19. Rxf8+ Qxf8 20. Rf1 Qe7 21. Rf7 Qd6 22. Qe3 Qxe5 23. Qxe5 Kxf7 24. dxc5 Nd7 25. Qd6 Rb8 26. Qxc6 Ne5 27. Qc7+ Nd7 28. c6 1-0

[Event "DM 2026 G5 1B"]
[Site "Svendborg"]
[Date "2026.03.29"]
[Round "2.13"]
[White "Sonderriis, Rasmus"]
[Black "Gregor, Jan"]
[Result "1-0"]
[WhiteElo "1999"]
[BlackElo "1710"]
[WhiteFideId "1489763"]
[BlackFideId "1435329"]
[EventDate "2026.03.28"]
[EventType "swiss"]
[EventRounds "5"]
[EventCountry "DEN"]
[SourceTitle "Live v. Kasper Jerwiarz"]

1. e4 c5 2. Nf3 g6 3. d4 cxd4 4. Nxd4 Nc6 5. Be3 Bg7 6. Nc3 e6 7. Qd2 a6 8. O-O-O Nf6 9. Be2 O-O 10. g4 d5 11. Nxc6 bxc6 12. e5 Nd7 13. f4 c5 14. Bf2 Qa5 15. Kb1 Bb7 16. Ne4 Qxd2 17. Rxd2 d4 18. Bf3 Rab8 19. g5 Rfd8 20. Bg3 Bf8 21. Nf6+ Nxf6 22. Bxb7 Ng4 23. Bxa6 Rb6 24. Be2 Ne3 25. Kc1 c4 26. Bf2 Nf5 27. Bxc4 Rc6 28. b3 Ba3+ 29. Kd1 Bb2 30. Ke2 Bc3 31. Rdd1 h5 32. Bd3 Ne7 33. Be4 Rc7 34. Rd3 Nc6 35. Bxc6 Rxc6 36. Rhd1 Kf8 37. Bxd4 Bxd4 38. Rxd4 Rxc2+ 39. R4d2 Rdxd2+ 40. Rxd2 Rc3 41. b4 Rh3 42. b5 Rxh2+ 43. Ke3 Rh3+ 44. Ke4 Ra3 45. b6 Ra4+ 46. Rd4 Rxa2 47. b7 Rb2 48. Rd8+ 1-0

[Event "DM 2026 G5 1B"]
[Site "Svendborg"]
[Date "2026.03.29"]
[Round "2.14"]
[White "Henriksen, Otto Skovslund"]
[Black "Kallmeyer, Ebbe"]
[Result "1-0"]
[WhiteElo "1752"]
[BlackElo "1838"]
[WhiteFideId "1484583"]
[BlackFideId "1487434"]
[EventDate "2026.03.28"]
[EventType "swiss"]
[EventRounds "5"]
[EventCountry "DEN"]
[SourceTitle "Live v. Kasper Jerwiarz"]

1. d4 Nf6 2. c4 g6 3. Nf3 Bg7 4. g3 d5 5. Bg2 c6 6. O-O O-O 7. cxd5 cxd5 8. Nc3 Nc6 9. Ne5 e6 10. Nxc6 bxc6 11. Bf4 Nh5 12. Be3 e5 13. dxe5 Bxe5 14. Bd4 Qf6 15. e3 Ng7 16. Rc1 Bxd4 17. Qxd4 Qxd4 18. exd4 Nf5 19. Rfd1 Rb8 20. Rd2 Rb4 21. Rcd1 Nd6 22. b3 Bf5 23. Re1 Re8 24. Rxe8+ Nxe8 25. h3 Nc7 26. g4 Be6 27. f4 Kf8 28. Kf2 Ke7 29. Ke3 Kd6 30. Na4 f5 31. g5 Nb5 32. Bf1 Nc7 33. h4 Bf7 34. Nc5 Be8 35. Nd3 Nb5 36. Nxb4 1-0

[Event "DM 2026 G5 1B"]
[Site "Svendborg"]
[Date "2026.03.29"]
[Round "2.15"]
[White "Norddahl, Bjarni"]
[Black "Velarde, Andrew"]
[Result "0-1"]
[WhiteElo "1518"]
[BlackElo "1817"]
[WhiteFideId "338105438"]
[BlackFideId "1435132"]
[EventDate "2026.03.28"]
[EventType "swiss"]
[EventRounds "5"]
[EventCountry "DEN"]
[SourceTitle "Live v. Kasper Jerwiarz"]

1. d4 Nf6 2. Bf4 e6 3. e3 d5 4. Nf3 Bd6 5. Bxd6 Qxd6 6. c3 c5 7. Bd3 Nc6 8. O-O O-O 9. Nbd2 e5 10. dxe5 Nxe5 11. Nxe5 Qxe5 12. Nf3 Qd6 13. h3 h6 14. Re1 Re8 15. c4 d4 16. exd4 Rxe1+ 17. Qxe1 Bd7 18. d5 Re8 19. Qd2 Ne4 20. Qc2 Qf4 21. Re1 f5 22. Qc1 Qd6 23. Re3 Qg6 24. Nd2 Ng5 25. Rg3 Qf6 26. Qc3 Qxc3 27. bxc3 f4 28. Rxg5 hxg5 29. Nf3 g4 30. hxg4 Bxg4 31. Ng5 Re5 32. Ne4 b6 33. Bc2 f3 34. gxf3 Bxf3 35. d6 Kf7 36. Nd2 Bc6 37. f3 Re2 38. Be4 Rxd2 39. Bxc6 Rxd6 40. Bd5+ Kf6 41. Kf2 Ke5 42. Ke3 g5 43. a3 Rh6 44. a4 Rh2 45. Bc6 Ra2 46. Kd3 Kf4 0-1

[Event "DM 2026 G5 1B"]
[Site "Svendborg"]
[Date "2026.03.29"]
[Round "2.16"]
[White "Hansen, Allan Hallgren"]
[Black "Staugaard, Henning"]
[Result "1-0"]
[WhiteElo "1680"]
[BlackElo "1652"]
[WhiteFideId "1440888"]
[BlackFideId "1450476"]
[EventDate "2026.03.28"]
[EventType "swiss"]
[EventRounds "5"]
[EventCountry "DEN"]
[SourceTitle "Live v. Kasper Jerwiarz"]

1. d4 d5 2. c4 Nf6 3. Nc3 Nc6 4. Nf3 Bf5 5. a3 h6 6. e3 e6 7. Be2 a6 8. b4 dxc4 9. Bxc4 Bd6 10. Bb2 e5 11. Qb3 Qe7 12. Nd5 Nxd5 13. Bxd5 Qd7 14. Bxc6 Qxc6 15. Rc1 Qe4 16. dxe5 Be6 17. Qc2 Qg4 18. O-O Bf5 19. Qe2 Be7 20. Rxc7 Qg6 21. Rd1 Bh3 22. g3 Bg4 23. Kg2 h5 24. h3 Bf5 25. Rc4 Qe6 26. Nd4 Qd5+ 27. Kh2 Bg4 28. f3 h4 29. fxg4 hxg3+ 30. Kxg3 Qxe5+ 31. Kg2 Bd6 32. Rh1 Qg3+ 33. Kf1 Rxh3 34. Rxh3 Qxh3+ 35. Qg2 Qxe3 36. Qe2 Qxe2+ 37. Kxe2 b5 38. Rc2 Kd7 39. Nf5 Re8+ 40. Kf3 f6 41. Rd2 Re6 42. Nxg7 Re1 43. Nf5 Re6 44. Rxd6+ Rxd6 45. Nxd6 1-0

[Event "DM 2026 G5 1B"]
[Site "Svendborg"]
[Date "2026.03.29"]
[Round "2.17"]
[White "Elcer, Spencer Skoubo"]
[Black "Hansen, Anders"]
[Result "0-1"]
[WhiteElo "1619"]
[BlackElo "1620"]
[WhiteFideId "1480820"]
[BlackFideId "1711237"]
[EventDate "2026.03.28"]
[EventType "swiss"]
[EventRounds "5"]
[EventCountry "DEN"]
[SourceTitle "Live v. Kasper Jerwiarz"]

1. e4 c5 2. Nf3 Nc6 3. d4 cxd4 4. Nxd4 e6 5. Nc3 Qc7 6. Be3 a6 7. Be2 b5 8. O-O Bb7 9. Bf3 Nf6 10. a3 h5 11. h3 Bd6 12. Kh1 Be5 13. Re1 Ng4 14. Nxc6 Bxc3 15. Bxg4 Bxe1 16. Bf3 Bxc6 17. Qxe1 Qe5 18. Qb4 a5 19. Qd4 Qxd4 20. Bxd4 f6 21. Bc5 Rc8 22. Bd6 Kf7 23. Rd1 e5 24. Rd2 g5 25. Kg1 Ke6 26. b4 a4 27. Bc5 Kf7 28. Be2 Kg6 29. f3 Rh7 30. Kf2 Rf7 31. Kg3 Kh6 32. Rd6 Kg6 33. Rd2 Re8 34. c4 bxc4 35. Bxc4 Rg7 36. b5 Bb7 37. Rd6 Rc8 38. Bd5 Rxc5 39. Bxb7 Rxb5 40. Bd5 Rc5 41. Ra6 Rc3 42. Rxa4 d6 43. Ra6 Rd7 44. a4 f5 45. Be6 f4+ 46. Kh2 Rd8 47. Ra7 Kf6 48. Bf5 Ra3 49. h4 gxh4 50. a5 Ra1 51. Rh7 Rxa5 52. Rh6+ Kg7 53. Rh7+ Kf8 54. Rh8+ Ke7 55. Rxd8 Kxd8 56. Be6 Ke7 57. Bg8 Kf6 58. Kh3 Kg5 59. Be6 Ra7 60. Bd5 Rg7 61. Be6 Kf6 62. Bf5 d5 63. g4 dxe4 64. Bxe4 Kg5 65. Bf5 hxg4+ 66. Bxg4 Ra7 67. Be6 Ra1 68. Ba2 Rg1 69. Bd5 Rg3+ 70. Kh2 Kf6 71. Ba8 Ke6 72. Be4 Kd6 73. Ba8 Kc5 74. Be4 Kd4 75. Ba8 Ke3 0-1

[Event "DM 2026 G5 1B"]
[Site "Svendborg"]
[Date "2026.03.30"]
[Round "3.9"]
[White "Ambirk, Jan"]
[Black "Kappel, Erik"]
[Result "0-1"]
[WhiteElo "1799"]
[BlackElo "1757"]
[WhiteFideId "1428403"]
[BlackFideId "1478311"]
[EventDate "2026.03.28"]
[EventType "swiss"]
[EventRounds "5"]
[EventCountry "DEN"]
[SourceTitle "Live v. Kasper Jerwiarz"]

1. d4 d5 2. Nf3 Nf6 3. e3 e6 4. Bd3 c5 5. b3 cxd4 6. exd4 g6 7. O-O Bg7 8. Ba3 Nc6 9. Re1 a6 10. Qe2 b5 11. Bb2 O-O 12. Ne5 Bb7 13. Nxc6 Bxc6 14. Nd2 Qb6 15. Nf3 Bb7 16. Ne5 Rac8 17. g4 Qd6 18. g5 Ne4 19. Qg4 h5 20. gxh6 Bxh6 21. f3 Nf6 22. Qg2 Bg7 23. Kh1 Rc7 24. Rg1 Bc6 25. Bc1 Be8 26. a4 b4 27. Qh3 Nh5 28. f4 a5 29. Be3 Nf6 30. f5 exf5 31. Bxf5 Ne4 32. Nxg6 fxg6 33. Be6+ Bf7 34. Rxg6 Bxe6 35. Rxe6 Qd7 36. Rg1 Nf2+ 37. Bxf2 Rxf2 38. Qh6 Qf7 39. Rxg7+ Qxg7 40. Rg6 Rf1+ 41. Kg2 Rf6 0-1

[Event "DM 2026 G5 1B"]
[Site "Svendborg"]
[Date "2026.03.30"]
[Round "3.10"]
[White "Munch, Niels Christian"]
[Black "Sonderriis, Rasmus"]
[Result "1/2-1/2"]
[WhiteElo "1781"]
[BlackElo "1999"]
[WhiteFideId "1470744"]
[BlackFideId "1489763"]
[EventDate "2026.03.28"]
[EventType "swiss"]
[EventRounds "5"]
[EventCountry "DEN"]
[SourceTitle "Live v. Kasper Jerwiarz"]

1. e4 c5 2. Nc3 Nc6 3. f4 d6 4. Nf3 Nf6 5. Bc4 Bg4 6. h3 Bxf3 7. Qxf3 Nd4 8. Bb5+ Nd7 9. Qd3 a6 10. Bxd7+ Qxd7 11. Ne2 Nxe2 12. Qxe2 g6 13. O-O Bg7 14. c3 O-O 15. f5 Rad8 16. d3 d5 17. e5 gxf5 18. d4 cxd4 19. cxd4 Rc8 20. Be3 Rc6 21. Rac1 Rfc8 22. Qh5 Rxc1 23. Bxc1 Qe6 24. Be3 Rc2 25. Rf2 Rxf2 26. Kxf2 Qc8 27. Qe2 Qc4 28. Qxc4 dxc4 29. Ke2 e6 30. Kd2 Bf8 31. Kc2 Bb4 32. b3 cxb3+ 33. Kxb3 a5 34. Kc4 Kg7 35. Kb5 Be1 36. Bg5 Bf2 37. Kc4 Kg6 38. Bd8 Be1 39. d5 exd5+ 40. Kxd5 f4 41. Ke4 Bd2 42. a4 h6 43. Be7 Bb4 44. Bd8 Bd2 45. Be7 h5 46. Bd8 h4 47. Bxh4 Kh5 48. Bf2 Kg5 49. g3 fxg3 50. Bxg3 Bb4 51. Bf2 Bc3 52. Be3+ Kg6 53. Bd4 Be1 54. Kd5 Kf5 55. Kd6 Bg3 56. Kc5 Bxe5 57. Bxe5 Kxe5 58. h4 f5 59. h5 f4 60. h6 Kf6 61. Kd4 f3 62. Ke3 f2 63. Kxf2 Kg6 64. Ke3 Kxh6 65. Kd4 Kg6 66. Kc5 Kf6 67. Kd5 1/2-1/2

[Event "DM 2026 G5 1B"]
[Site "Svendborg"]
[Date "2026.03.30"]
[Round "3.11"]
[White "Hanuscheck, Jorgen Peter"]
[Black "Larsen, Torben"]
[Result "1-0"]
[WhiteElo "1763"]
[BlackElo "1897"]
[WhiteFideId "1462512"]
[BlackFideId "1443445"]
[EventDate "2026.03.28"]
[EventType "swiss"]
[EventRounds "5"]
[EventCountry "DEN"]
[SourceTitle "Live v. Kasper Jerwiarz"]

1. d4 f5 2. Nc3 Nf6 3. f3 e6 4. Bg5 Be7 5. e4 d6 6. Bd3 Nc6 7. Nge2 O-O 8. Qd2 fxe4 9. fxe4 a6 10. h4 Qe8 11. O-O-O b5 12. Rdf1 Nb4 13. Kb1 Nxd3 14. Qxd3 b4 15. Nd1 Bd7 16. e5 Nd5 17. Bxe7 Qxe7 18. h5 Qg5 19. exd6 cxd6 20. Rxf8+ Rxf8 21. Qxa6 Qe7 22. Qd3 e5 23. Ne3 Nxe3 24. Qxe3 Qf6 25. Qb3+ Kh8 26. Qxb4 Bg4 27. dxe5 Qe6 28. Ng3 Rd8 29. exd6 g6 30. Qd4+ Kg8 31. h6 Rd7 32. Ne4 Rf7 33. Ng5 Qf6 34. Qxf6 Rxf6 35. Re1 Bd7 36. b4 Rxd6 37. Re7 Bf5 38. Rg7+ Kf8 39. Nxh7+ Ke8 40. Ng5 Kf8 41. Rf7+ 1-0